<?xml version="1.0" encoding="UTF-8"?>
<collection xmlns="http://www.loc.gov/MARC21/slim">
<record>
  <controlfield tag="001">137725</controlfield>
  <controlfield tag="005">20220920135206.0</controlfield>
  <datafield tag="020" ind1=" " ind2=" ">
    <subfield code="a">978-0-387-31073-2</subfield>
  </datafield>
  <datafield tag="024" ind1="7" ind2=" ">
    <subfield code="a">10.1007/978-0-387-45528-0</subfield>
    <subfield code="2">doi</subfield>
  </datafield>
  <datafield tag="024" ind1="7" ind2=" ">
    <subfield code="a">K10Plus:524972141</subfield>
    <subfield code="2">K10Plus</subfield>
  </datafield>
  <datafield tag="024" ind1="7" ind2=" ">
    <subfield code="a">(DE-576)952497214X</subfield>
    <subfield code="2">DE-576</subfield>
  </datafield>
  <datafield tag="037" ind1=" " ind2=" ">
    <subfield code="a">ERESRWTH-2021-00110</subfield>
  </datafield>
  <datafield tag="082" ind1=" " ind2=" ">
    <subfield code="a">006.4</subfield>
  </datafield>
  <datafield tag="100" ind1="1" ind2=" ">
    <subfield code="a">Bishop, Christopher M.</subfield>
    <subfield code="b">0</subfield>
  </datafield>
  <datafield tag="245" ind1=" " ind2=" ">
    <subfield code="a">Pattern Recognition and Machine Learning</subfield>
    <subfield code="c">by Christopher M. Bishop</subfield>
  </datafield>
  <datafield tag="260" ind1=" " ind2=" ">
    <subfield code="a">New York, NY</subfield>
    <subfield code="c">2006, Corrected at 8th printing 2009</subfield>
    <subfield code="b">Springer Science+Business Media, LLC</subfield>
  </datafield>
  <datafield tag="300" ind1=" " ind2=" ">
    <subfield code="a">Kapitel 9: S. 423-455</subfield>
  </datafield>
  <datafield tag="336" ind1="7" ind2=" ">
    <subfield code="a">BOOK</subfield>
    <subfield code="2">BibTeX</subfield>
  </datafield>
  <datafield tag="336" ind1="7" ind2=" ">
    <subfield code="a">Book</subfield>
    <subfield code="b">book</subfield>
    <subfield code="m">book</subfield>
    <subfield code="0">PUB:(DE-HGF)3</subfield>
    <subfield code="s">1635842222_5876</subfield>
    <subfield code="2">PUB:(DE-HGF)</subfield>
  </datafield>
  <datafield tag="336" ind1="7" ind2=" ">
    <subfield code="a">Output Types/Book</subfield>
    <subfield code="2">DataCite</subfield>
  </datafield>
  <datafield tag="336" ind1="7" ind2=" ">
    <subfield code="a">BOOK</subfield>
    <subfield code="2">ORCID</subfield>
  </datafield>
  <datafield tag="336" ind1="7" ind2=" ">
    <subfield code="a">Book</subfield>
    <subfield code="0">1</subfield>
    <subfield code="2">EndNote</subfield>
  </datafield>
  <datafield tag="336" ind1="7" ind2=" ">
    <subfield code="a">book</subfield>
    <subfield code="2">DRIVER</subfield>
  </datafield>
  <datafield tag="490" ind1="0" ind2=" ">
    <subfield code="a">Information Science and Statistics</subfield>
  </datafield>
  <datafield tag="500" ind1=" " ind2=" ">
    <subfield code="a">E-Book-Version für die Universitätsbibliothek nicht zu lizenzieren! / Bestand in der RWTH Universitätsbibliothek: gedruckte Ausgabe: 20 Exemplare der gedruckten Ausgabe 2006 ((Corr. at 8. print.)  - New York, NY: Springer, 2009) der in der Lehrbuchsammlung/FNT unter der Signatur: 01:ST 330 0005</subfield>
  </datafield>
  <datafield tag="588" ind1=" " ind2=" ">
    <subfield code="a">Dataset connected to K10Plus</subfield>
  </datafield>
  <datafield tag="650" ind1=" " ind2="0">
    <subfield code="a">Artificial Intelligence (incl. Robotics</subfield>
  </datafield>
  <datafield tag="650" ind1=" " ind2="0">
    <subfield code="a">Computer Science</subfield>
  </datafield>
  <datafield tag="650" ind1=" " ind2="0">
    <subfield code="a">Image Processing and Computer Vision</subfield>
  </datafield>
  <datafield tag="650" ind1=" " ind2="0">
    <subfield code="a">Statistics for Engineering, Physics, Computer Science, Chemistry &amp; Geosciences</subfield>
  </datafield>
  <datafield tag="650" ind1=" " ind2="0">
    <subfield code="a">Pattern Recognition</subfield>
  </datafield>
  <datafield tag="650" ind1=" " ind2="0">
    <subfield code="a">Artificial intelligence</subfield>
  </datafield>
  <datafield tag="650" ind1=" " ind2="0">
    <subfield code="a">Statistics</subfield>
  </datafield>
  <datafield tag="650" ind1=" " ind2="0">
    <subfield code="a">Optical data processing</subfield>
  </datafield>
  <datafield tag="856" ind1="4" ind2=" ">
    <subfield code="u">http://reserves.ub.rwth-aachen.de/record/137725/files/ERESRWTH-2021-00110.pdf</subfield>
    <subfield code="y">Restricted</subfield>
  </datafield>
  <datafield tag="909" ind1="C" ind2="O">
    <subfield code="o">oai:reserves.ub.rwth-aachen.de:137725</subfield>
    <subfield code="p">VDB</subfield>
  </datafield>
  <datafield tag="915" ind1="1" ind2=" ">
    <subfield code="a">Digitalisierungsanfrage / Digitization request</subfield>
    <subfield code="0">StatID:(DE-HGF)2100</subfield>
    <subfield code="2">StatID</subfield>
    <subfield code="x">0</subfield>
  </datafield>
  <datafield tag="920" ind1="1" ind2=" ">
    <subfield code="0">I:(DE-RON)21ws-12.59324</subfield>
    <subfield code="k">21ws-12.59324</subfield>
    <subfield code="l">Seminar Theoretical Topics in Data Science (SE) [21ws-12.59324]</subfield>
    <subfield code="x">0</subfield>
  </datafield>
  <datafield tag="980" ind1=" " ind2=" ">
    <subfield code="a">book</subfield>
  </datafield>
  <datafield tag="980" ind1=" " ind2=" ">
    <subfield code="a">VDB</subfield>
  </datafield>
  <datafield tag="980" ind1=" " ind2=" ">
    <subfield code="a">I:(DE-RON)21ws-12.59324</subfield>
  </datafield>
  <datafield tag="980" ind1=" " ind2=" ">
    <subfield code="a">UNRESTRICTED</subfield>
  </datafield>
</record>
</collection>